Design and specification (Record no. 113312)

MARC details
000 -LEADER
fixed length control field 00942cad a22002055a 4500
001 - CONTROL NUMBER
control field L155082
008 - FIXED-LENGTH DATA ELEMENTS--GENERAL INFORMATION
fixed length control field 120228s2008 xxk f 000 0 eng d
035 ## - SYSTEM CONTROL NUMBER
System control number (Sirsi) u155082
041 0# - LANGUAGE CODE
Language code of text/sound track or separate title eng
110 2# - MAIN ENTRY--CORPORATE NAME
Corporate name or jurisdiction name as entry element National Buildings Specification
9 (RLIN) 5911
245 00 - TITLE STATEMENT
Title Design and specification
Remainder of title CPIC and Uniclass - who, what and why?
Medium [electronic resource]
260 ## - PUBLICATION, DISTRIBUTION, ETC.
Place of publication, distribution, etc. [S.l.]
Name of publisher, distributor, etc. NBS
Date of publication, distribution, etc. 2008
520 ## - SUMMARY, ETC.
Summary, etc. An overview of the Construction Project Information Committee (CPIC) of which RICS is one of the sponsors; Uniclass; production information and the Avanti project; Uniclass development; illustration of the use of Uniclass tables with the RIBA stages.
590 ## - LOCAL NOTE (RLIN)
Local note KA
651 #4 - SUBJECT ADDED ENTRY--GEOGRAPHIC NAME
Geographic name United Kingdom
Chronological subdivision
690 ## - LOCAL SUBJECT ADDED ENTRY--TOPICAL TERM (OCLC, RLIN)
Topical term or geographic name as entry element Project management
9 (RLIN) 6261
690 ## - LOCAL SUBJECT ADDED ENTRY--TOPICAL TERM (OCLC, RLIN)
Topical term or geographic name as entry element Construction management
9 (RLIN) 6230
856 40 - ELECTRONIC LOCATION AND ACCESS
Uniform Resource Identifier <a href="https://www.thenbs.com/topics/DesignSpecification/articles/CPICandUniclass.asp">https://www.thenbs.com/topics/DesignSpecification/articles/CPICandUniclass.asp</a>
Public note View the item free of charge at www.thenbs.com
942 ## - ADDED ENTRY ELEMENTS (KOHA)
Suppress in OPAC 0
Holdings
Withdrawn status Lost status Source of classification or shelving scheme Damaged status Not for loan Home library Current library Shelving location Date acquired Total Checkouts Full call number Barcode Date last seen Copy number Price effective from Koha item type
    Dewey Decimal Classification     Virtual Virtual Online 28/02/2012   ONLINE PUBLICATION 155082-2001 06/08/2019 1 06/08/2019 Book